header

Protest music in France (Record no. 74482)

MARC details
000 -LEADER
fixed length control field 01380nam a2200325Ia 4500
100 1# - MAIN ENTRY--AUTHOR NAME
Personal name Lebrun, Barbara.
245 10 - TITLE STATEMENT
Title Protest music in France
260 ## - PUBLICATION, DISTRIBUTION, ETC. (IMPRINT)
Place of publication Farnham, Surrey, England ;
-- Burlington, VT :
Name of publisher Ashgate,
Year of publication c2009.
300 ## - PHYSICAL DESCRIPTION
Number of Pages 192 p. :
Other physical details ill.
490 1# - SERIES STATEMENT
Series statement Ashgate popular and folk music series
650 #0 - SUBJECT ADDED ENTRY--TOPICAL TERM
Topical Term Popular music
Topical Term Popular music
Topical Term Protest songs
856 40 - ELECTRONIC LOCATION AND ACCESS
Uniform Resource Identifier http://site.ebrary.com/lib/rucke/Doc?id=10325943

No items available.

© 2026 Rongo University
Contact us: librarian | system librarian | Rongo university